<?xml version="1.0" encoding="UTF-8"?>
<record
    xmlns:xsi="http://www.w3.org/2001/XMLSchema-instance"
    xsi:schemaLocation="http://www.loc.gov/MARC21/slim http://www.loc.gov/standards/marcxml/schema/MARC21slim.xsd"
    xmlns="http://www.loc.gov/MARC21/slim">

  <leader>00826nam a22001937a 4500</leader>
  <controlfield tag="005">20240604153444.0</controlfield>
  <datafield tag="010" ind1=" " ind2=" ">
    <subfield code="a">HIN-127420</subfield>
  </datafield>
  <datafield tag="020" ind1=" " ind2=" ">
    <subfield code="c">300.00</subfield>
    <subfield code="a">9788181360753</subfield>
  </datafield>
  <datafield tag="035" ind1=" " ind2=" ">
    <subfield code="a">HN-99766</subfield>
  </datafield>
  <datafield tag="037" ind1=" " ind2=" ">
    <subfield code="b">DBAD</subfield>
  </datafield>
  <datafield tag="082" ind1=" " ind2=" ">
    <subfield code="a">&#x909;</subfield>
  </datafield>
  <datafield tag="100" ind1=" " ind2=" ">
    <subfield code="a">&#x930;&#x93E;&#x91C;&#x947;&#x928;&#x94D;&#x926;&#x94D;&#x930; &#x915;&#x941;&#x92E;&#x93E;&#x930;</subfield>
    <subfield code="9">67361</subfield>
  </datafield>
  <datafield tag="245" ind1=" " ind2=" ">
    <subfield code="a">&#x92A;&#x941;&#x928;&#x91C;&#x928;&#x94D;&#x92E; &#x914;&#x930; &#x91B;&#x92C;&#x940;&#x932;&#x940;/</subfield>
    <subfield code="c">&#x930;&#x93E;&#x91C;&#x947;&#x928;&#x94D;&#x926;&#x94D;&#x930; &#x915;&#x941;&#x92E;&#x93E;&#x930;</subfield>
  </datafield>
  <datafield tag="260" ind1=" " ind2=" ">
    <subfield code="a"> &#x926;&#x93F;&#x932;&#x94D;&#x932;&#x940;</subfield>
    <subfield code="b">&#x930;&#x93E;&#x91C;&#x938;&#x942;&#x930;&#x94D;&#x92F; &#x92A;&#x94D;&#x930;&#x915;&#x93E;&#x936;&#x928;</subfield>
    <subfield code="c">2020</subfield>
  </datafield>
  <datafield tag="270" ind1=" " ind2=" ">
    <subfield code="a">&#x92C;&#x940;-33/2238 &#x92A;&#x939;&#x932;&#x93E; &#x92A;&#x941;&#x938;&#x94D;&#x924;&#x93E;, &#x938;&#x94B;&#x928;&#x93F;&#x92F;&#x93E; &#x935;&#x93F;&#x939;&#x93E;&#x930;</subfield>
    <subfield code="b">&#x926;&#x93F;&#x932;&#x94D;&#x932;&#x940;</subfield>
    <subfield code="e">110094</subfield>
    <subfield code="k">9350797382</subfield>
    <subfield code="k">9013157605</subfield>
  </datafield>
  <datafield tag="300" ind1=" " ind2=" ">
    <subfield code="a">184&#x92A;&#x943;.</subfield>
    <subfield code="c">22 &#x938;&#x947;&#x92E;&#x940;.(&#x906;&#x91C;&#x93F;&#x932;&#x94D;&#x926;)</subfield>
  </datafield>
  <datafield tag="650" ind1=" " ind2=" ">
    <subfield code="a">&#x939;&#x93F;&#x928;&#x94D;&#x926;&#x940;  &#x909;&#x92A;&#x928;&#x94D;&#x92F;&#x93E;&#x938;</subfield>
    <subfield code="9">67362</subfield>
  </datafield>
  <datafield tag="942" ind1=" " ind2=" ">
    <subfield code="2">ddc</subfield>
    <subfield code="c">HN</subfield>
    <subfield code="h">&#x909;</subfield>
    <subfield code="m">&#x930;&#x93E;&#x91C;&#x947;&#x928;&#x94D;&#x926;&#x94D;&#x930; </subfield>
  </datafield>
  <datafield tag="999" ind1=" " ind2=" ">
    <subfield code="c">202319</subfield>
    <subfield code="d">202319</subfield>
  </datafield>
  <datafield tag="952" ind1=" " ind2=" ">
    <subfield code="0">0</subfield>
    <subfield code="1">0</subfield>
    <subfield code="4">0</subfield>
    <subfield code="7">0</subfield>
    <subfield code="8">FIC</subfield>
    <subfield code="a">AV</subfield>
    <subfield code="b">AV</subfield>
    <subfield code="d">2024-04-22</subfield>
    <subfield code="e">DBAD</subfield>
    <subfield code="g">300.00</subfield>
    <subfield code="l">1</subfield>
    <subfield code="o">&#x909; &#x930;&#x93E;&#x91C;&#x947;&#x928;&#x94D;&#x926;&#x94D;&#x930; </subfield>
    <subfield code="p">HN-99766</subfield>
    <subfield code="r">2025-09-19 00:00:00</subfield>
    <subfield code="s">2025-08-26</subfield>
    <subfield code="t">1</subfield>
    <subfield code="v">300.00</subfield>
    <subfield code="w">2024-04-22</subfield>
    <subfield code="y">HN</subfield>
  </datafield>
</record>
